Представление документа в формате RUSMARC

ПолеНазваниеЗначение
  Тип записи i
  Библиографический уровень m
001 Контрольный номер RU/IS/BASE/305137550
005 Дата корректировки 20201206204602.5
010 Индекс ISBN __
d Цена 145-73
101 Язык документа __
a Язык текста rus
c Язык оригинала fre
200 Заглавие и сведения об ответственности 1_
a Заглавие Искусство беседы
e Сведения, относящиеся к заглавию [аудиокнига : эссе]
f Первые сведения об ответственности Андре Моруа ; читает Вячеслав Герасимов ; пер. с фр. М. Ваксмахера ; [звукорежиссер Михаил Ашарин]
b Общее обозначение материала Звукозапись
210 Выходные данные __
a Место издания М.
c Издательство АРДИС
d Дата издания 2007
215 Физическое описание __
a Объем 1 электрон. опт. диск (Audio CD) (1 ч. 12 мин.)
225 Серия __
a Серия XX век
i Наименование части Зарубежная литература
300 Общие примечания __
a Общие примечания MPEG-II Layer-3 (mp3) ; 192 kbps ; 16 bit ; 44.1 kHZ ; mono ; AudioCD. - Текст прочитан по изд.: Мора А. Эссе / А. Моруа. - М.: Согласие, 2001. - 356 с.
323 Примечание о главных создателях, исполнителях, участниках __
a Примечание о главных создателях, исполнителях, участниках Герасимов, В. (читает)
330 Аннотация __
a Аннотация Все что вы хотите знать о беседе сентиментальной, о доверительности, о злословии, об искренности, о салонной жизни, о банкете, об обеде, о беседе-игре, о беседе серьезной, об остроумии, о молчании…
333 Примечание о целевом назначении __
a Примечание о целевом назначении 16+. Для детей старше 16 лет
517 Другие варианты заглавия __
a Другие варианты заглавия О беседе сентиментальной
517 Другие варианты заглавия __
a Другие варианты заглавия О доверительности
517 Другие варианты заглавия __
a Другие варианты заглавия О злословии
517 Другие варианты заглавия __
a Другие варианты заглавия Об искренности
517 Другие варианты заглавия __
a Другие варианты заглавия Сцены салонной жизни
517 Другие варианты заглавия __
a Другие варианты заглавия Советы молодому человеку
517 Другие варианты заглавия __
a Другие варианты заглавия Банкет
517 Другие варианты заглавия __
a Другие варианты заглавия Обед
517 Другие варианты заглавия __
a Другие варианты заглавия Dinner (Английский обед)
517 Другие варианты заглавия __
a Другие варианты заглавия Шведский обед
517 Другие варианты заглавия __
a Другие варианты заглавия О беседе-игре
517 Другие варианты заглавия __
a Другие варианты заглавия О беседе серьезной
517 Другие варианты заглавия __
a Другие варианты заглавия Об остроумии
517 Другие варианты заглавия __
a Другие варианты заглавия О молчании
606 Тематические рубрики __
a Основная рубрика Художественная литература
606 Тематические рубрики __
a Основная рубрика Литература Европы (произведения)
z Хронологическая подрубрика 20 в.
y Географическая подрубрика Франция
610 Ключевые слова __
a Ключевые слова зарубежная литература; иностранная литература; эссе; беседы; тема злословия; тема молчания; тема светской жизни; тема еды; тема быта; тема жизни; тема человека; тема молодости; французская литература
686 Индексы других классификаций __
a Классификационный индекс 84(4Фра)-4я04
700 Автор _1
a Фамилия Моруа
b Имя А.
c Титул (звания) Эрзог, Э.
f Даты 1885-1967
g Полное личное имя Андре
4 Код отношения 070
702 Вторичная интеллектуальная ответственность _1
a Фамилия Ваксмахер
b Имя М.
4 Код отношения переводчик
702 Вторичная интеллектуальная ответственность _1
a Фамилия Ашарин
b Имя М.
4 Код отношения звукорежиссер
g Полное личное имя Михаил
801 Источник записи _0
a Страна RU
b Организация Муниципальное бюджетное учреждение культуры "Централизованная библиотечная система" г. Сургут (Центральная городская библиотека им. А. С. Пушкина)
g Правила каталогизации КиК/Поспелова
801 Источник записи _1
a Страна RU
b Организация Муниципальное бюджетное учреждение культуры "Централизованная библиотечная система" г. Сургут (Центральная городская библиотека им. А. С. Пушкина)
g Правила каталогизации КиК/Поспелова
852 Данные о местонахождении __
j Шифр хранения 84(4Фра)-4я04
c Каталожный индекс 84(4Фра)-4я04
i Авторский знак М 80
901 Тип документа __
t Тип документа 0
903 Характеристики (МАРС) __
a Дата передачи 20080731
969 Тип издания __
a Тип издания аудиокнига; сборник
990 Данные о заказе (DOS) __
j Количество экземпляров (DOS) 3
h N записи в КСУ для Б/У (DOS) 200807